| 000 | 00810nam a2200277Ia 4500 | ||
|---|---|---|---|
| 001 | Para_4515 | ||
| 003 | CHAP | ||
| 008 | 220125s1912 xx 000 0 und d | ||
| 010 | _a202996 | ||
| 040 | _cCHAP | ||
| 090 | _aPA FOLLETO 149 | ||
| 100 |
_aHunter, W. O _9168554 |
||
| 245 |
_aThe principal cactus insects of the United States / _c W. D. Hunter, F. C. Pratt, J. D. Mitchell |
||
| 260 |
_aWashington : _b Department of Agriculture |
||
| 300 | _a71 p. | ||
| 440 |
_aEUA. Dept. Agri. Bull; 113 _9168555 |
||
| 650 |
_aCactáceas _x Plagas _917011 |
||
| 700 |
_aPratt, F. C. Mitchell, J. D. _9168556 |
||
| 901 | _aPA FOLLETO 149 | ||
| 902 | _aA | ||
| 905 | _a0000001912 WAS 0000000000 00 | ||
| 910 | _a1912 | ||
| 942 | _cPARA | ||
| 942 |
_cPARA _d1 |
||
| 999 |
_c202996 _d202996 |
||